Информационные сводки управляющего Тургайской областью о выступлении красных партизан в Кустанайском уезде и др.

Доступно только в Электронных читальных залах Найти на картеНа карте
RUSMARC
00003872nac2a22002653x 450
001f0849ae8-69a4-4a6b-8516-05ee8619e479
00520190218170021.0
100##$a20190115l 1919k y0rusy50 ca
1010#$arus
102##$aRU
105##$ay z |||||
2001#$aИнформационные сводки управляющего Тургайской областью о выступлении красных партизан в Кустанайском уезде и др.
$j03 апреля 1919 - 01 июня 1919
215##$a6 листов
251##$cДело
300##$aНа папке дела: 3 апреля 1919 г.- 1 июля 1919 г.
300##$aВ деле имеются телеграммы
300##$aЛист: 1 - поврежденный
300##$aМашинописный и рукописный текст
324##$aВ деле имеются копии отдельных документов
461#0$10010f0e3429-2e37-4fb4-ace0-6332d350a692
$12001
$aМинистерство внутренних дел Российского правительства. Омск
$1251
$cФонд
$1852
$j1700
$gР
462#0$1001c9fb14fb-9a60-4dc0-bd7d-6b3b0819c0c0
$12001
$aДела канцелярии министра. 1918-1919 гг.
$vД. 75
$1251
$cОпись
$1852
$j1
60102$3RU\NLR\AUTH\8810247804
$aВременное Сибирское правительство
$bМинистерство внутренних дел
801#0$aRU
$bGA_RF
801#1$aRU
$bГлавНИВЦ
$c20190115
$2rusmarc
801#2$aRU
$bПБ им. Б.Н. Ельцина
$c20190218
$gRCR
$2rusmarc
852##$aГА РФ
$j75
937##$d125512648
$hПБ
035##$aRuPRLIB51055264
856##$uhttp://readingroom.main.prlib.ru/item.aspx?id_node=n125512648&mode=full
Формат отображения